| 000 | 01180nam a22002057a 4500 | ||
|---|---|---|---|
| 003 | JO-AjAnu | ||
| 005 | 20240605121528.0 | ||
| 008 | 240406b jo ||||| |||| 00| 0 ara d | ||
| 040 |
_aJO-AjAnu _cJO-AjAnu |
||
| 041 | 0 | _aara | |
| 050 |
_aBF698 _b2023 |
||
| 100 | 1 |
_aأبو عناب، علا عبدالحميد _965283 _eمعد |
|
| 245 |
_aالعوامل الخمس الكبرى للشخصية وعلاقتها بالعجز المتعلم لدى الطلبة ذوي صعوبات التعلم = The Big Five Personality Factors and their Relationship to Learned Disability among Students with Learning Disabilities / _cإعداد علاء عبد الحميد أبو عناب ؛ إشراف خالد أحمد عبيدات |
||
| 260 | _c2023 | ||
| 300 | _a117ورقة | ||
| 500 | _a رسالة جامعية (ماجستير) .- جامعة عجلون الوطنية (عجلون، الأردن)، كلية العلوم التربوية ، تخصص التربية الخاصة، قسم صعوبات التعلم، 2023 | ||
| 650 | 7 | 0 |
_aالشخصية - جوانب نفسية _965284 |
| 700 | 1 |
_aعبيدات، علاء عبد الحميد _965286 _eمشرف |
|
| 942 |
_2lcc _cTHS _n0 |
||
| 999 |
_c33419 _d33419 |
||